<?xml version="1.0" encoding="UTF-8"?>
<record
    xmlns:xsi="http://www.w3.org/2001/XMLSchema-instance"
    xsi:schemaLocation="http://www.loc.gov/MARC21/slim http://www.loc.gov/standards/marcxml/schema/MARC21slim.xsd"
    xmlns="http://www.loc.gov/MARC21/slim">

  <leader>01524nam a2200241 a 4500</leader>
  <controlfield tag="008">080109s1965    ||||||||||||||||| ||    u</controlfield>
  <datafield tag="020" ind1=" " ind2=" ">
    <subfield code="a">0910129002</subfield>
  </datafield>
  <datafield tag="050" ind1=" " ind2=" ">
    <subfield code="a">HD 31 Sol</subfield>
  </datafield>
  <datafield tag="100" ind1=" " ind2=" ">
    <subfield code="a">Solomons, David</subfield>
  </datafield>
  <datafield tag="245" ind1="1" ind2="0">
    <subfield code="a">Divisional performance: measurement and control</subfield>
  </datafield>
  <datafield tag="260" ind1=" " ind2=" ">
    <subfield code="a">New York</subfield>
    <subfield code="b">Markus Weiner</subfield>
    <subfield code="c">1965</subfield>
  </datafield>
  <datafield tag="300" ind1=" " ind2=" ">
    <subfield code="a">xii, 308p. : ill.</subfield>
  </datafield>
  <datafield tag="350" ind1=" " ind2=" ">
    <subfield code="a">0.00</subfield>
  </datafield>
  <datafield tag="650" ind1=" " ind2=" ">
    <subfield code="a">MANAGEMENT PERFORMANCE</subfield>
  </datafield>
  <datafield tag="650" ind1=" " ind2="0">
    <subfield code="a">MANAGEMENT</subfield>
  </datafield>
  <datafield tag="995" ind1=" " ind2=" ">
    <subfield code="a">TEXTBOOKS (SB)</subfield>
    <subfield code="D">0.00</subfield>
    <subfield code="e">1074</subfield>
    <subfield code="F">CBU-SCHOOL TEXTBOOK COLLECTIONS</subfield>
    <subfield code="H">1</subfield>
    <subfield code="I">0.00</subfield>
    <subfield code="j">SCHOOL TEXTBOOK</subfield>
    <subfield code="M">5</subfield>
    <subfield code="U">AVAILABLE</subfield>
    <subfield code="W">Sep 15, 2009</subfield>
    <subfield code="y">1074</subfield>
    <subfield code="Z">School Collections</subfield>
  </datafield>
  <datafield tag="995" ind1=" " ind2=" ">
    <subfield code="a">ANNEX COLLECTION (Main Library)</subfield>
    <subfield code="D">0.00</subfield>
    <subfield code="e">708527</subfield>
    <subfield code="F">CBU-MAIN LIBRARY (Kitwe)</subfield>
    <subfield code="H">2</subfield>
    <subfield code="I">6.00</subfield>
    <subfield code="j">HD 31 Sol</subfield>
    <subfield code="M">1</subfield>
    <subfield code="U">AVAILABLE</subfield>
    <subfield code="y">003447</subfield>
    <subfield code="Z">Annex Low-Usage Collection </subfield>
  </datafield>
  <datafield tag="995" ind1=" " ind2=" ">
    <subfield code="a">TEXTBOOKS (SB)</subfield>
    <subfield code="D">0.00</subfield>
    <subfield code="e">1072</subfield>
    <subfield code="F">CBU-SCHOOL TEXTBOOK COLLECTIONS</subfield>
    <subfield code="H">1</subfield>
    <subfield code="I">0.00</subfield>
    <subfield code="j">SCHOOL TEXTBOOK</subfield>
    <subfield code="M">3</subfield>
    <subfield code="U">AVAILABLE</subfield>
    <subfield code="W">Sep 15, 2009</subfield>
    <subfield code="y">1072</subfield>
    <subfield code="Z">School Collections</subfield>
  </datafield>
  <datafield tag="995" ind1=" " ind2=" ">
    <subfield code="a">TEXTBOOKS (SB)</subfield>
    <subfield code="D">0.00</subfield>
    <subfield code="e">01448</subfield>
    <subfield code="F">CBU-SCHOOL TEXTBOOK COLLECTIONS</subfield>
    <subfield code="H">1</subfield>
    <subfield code="I">0.00</subfield>
    <subfield code="j">SCHOOL TEXTBOOK</subfield>
    <subfield code="M">7</subfield>
    <subfield code="U">AVAILABLE</subfield>
    <subfield code="W">Sep 22, 2009</subfield>
    <subfield code="y">01448</subfield>
    <subfield code="Z">School Collections</subfield>
  </datafield>
  <datafield tag="995" ind1=" " ind2=" ">
    <subfield code="a">TEXTBOOKS (SB)</subfield>
    <subfield code="D">0.00</subfield>
    <subfield code="e">1075</subfield>
    <subfield code="F">CBU-SCHOOL TEXTBOOK COLLECTIONS</subfield>
    <subfield code="H">1</subfield>
    <subfield code="I">0.00</subfield>
    <subfield code="j">SCHOOL TEXTBOOK</subfield>
    <subfield code="M">6</subfield>
    <subfield code="U">AVAILABLE</subfield>
    <subfield code="W">Sep 15, 2009</subfield>
    <subfield code="y">1075</subfield>
    <subfield code="Z">School Collections</subfield>
  </datafield>
  <datafield tag="995" ind1=" " ind2=" ">
    <subfield code="a">TEXTBOOKS (SB)</subfield>
    <subfield code="D">0.00</subfield>
    <subfield code="e">1073</subfield>
    <subfield code="F">CBU-SCHOOL TEXTBOOK COLLECTIONS</subfield>
    <subfield code="H">1</subfield>
    <subfield code="I">0.00</subfield>
    <subfield code="j">SCHOOL TEXTBOOK</subfield>
    <subfield code="M">4</subfield>
    <subfield code="U">AVAILABLE</subfield>
    <subfield code="W">Sep 15, 2009</subfield>
    <subfield code="y">1073</subfield>
    <subfield code="Z">School Collections</subfield>
  </datafield>
  <datafield tag="995" ind1=" " ind2=" ">
    <subfield code="a">ANNEX COLLECTION (Main Library)</subfield>
    <subfield code="D">0.00</subfield>
    <subfield code="e">708528</subfield>
    <subfield code="F">CBU-MAIN LIBRARY (Kitwe)</subfield>
    <subfield code="H">1</subfield>
    <subfield code="I">6.00</subfield>
    <subfield code="j">HD 31 Sol</subfield>
    <subfield code="M">2</subfield>
    <subfield code="U">AVAILABLE</subfield>
    <subfield code="y">003448</subfield>
    <subfield code="Z">Annex Low-Usage Collection </subfield>
  </datafield>
  <datafield tag="999" ind1=" " ind2=" ">
    <subfield code="c">75536</subfield>
    <subfield code="d">75536</subfield>
  </datafield>
  <datafield tag="952" ind1=" " ind2=" ">
    <subfield code="0">0</subfield>
    <subfield code="1">0</subfield>
    <subfield code="2">lcc</subfield>
    <subfield code="4">0</subfield>
    <subfield code="7">0</subfield>
    <subfield code="a">001</subfield>
    <subfield code="b">001</subfield>
    <subfield code="c">(SB)School Collections</subfield>
    <subfield code="d">2023-02-22</subfield>
    <subfield code="l">0</subfield>
    <subfield code="o">SCHOOL TEXTBOOK</subfield>
    <subfield code="p">1074</subfield>
    <subfield code="r">2023-02-22</subfield>
    <subfield code="t">1</subfield>
    <subfield code="w">2023-02-22</subfield>
    <subfield code="y">002</subfield>
  </datafield>
  <datafield tag="952" ind1=" " ind2=" ">
    <subfield code="0">0</subfield>
    <subfield code="1">0</subfield>
    <subfield code="2">lcc</subfield>
    <subfield code="4">0</subfield>
    <subfield code="7">0</subfield>
    <subfield code="a">001</subfield>
    <subfield code="b">001</subfield>
    <subfield code="c">Annex Low-Usage Collection</subfield>
    <subfield code="d">2023-02-22</subfield>
    <subfield code="l">0</subfield>
    <subfield code="o">HD 31 Sol</subfield>
    <subfield code="p">003447</subfield>
    <subfield code="r">2023-02-22</subfield>
    <subfield code="t">2</subfield>
    <subfield code="w">2023-02-22</subfield>
    <subfield code="y">002</subfield>
  </datafield>
  <datafield tag="952" ind1=" " ind2=" ">
    <subfield code="0">0</subfield>
    <subfield code="1">0</subfield>
    <subfield code="2">lcc</subfield>
    <subfield code="4">0</subfield>
    <subfield code="7">0</subfield>
    <subfield code="a">001</subfield>
    <subfield code="b">001</subfield>
    <subfield code="c">(SB)School Collections</subfield>
    <subfield code="d">2023-02-22</subfield>
    <subfield code="l">0</subfield>
    <subfield code="o">SCHOOL TEXTBOOK</subfield>
    <subfield code="p">1072</subfield>
    <subfield code="r">2023-02-22</subfield>
    <subfield code="t">3</subfield>
    <subfield code="w">2023-02-22</subfield>
    <subfield code="y">002</subfield>
  </datafield>
  <datafield tag="952" ind1=" " ind2=" ">
    <subfield code="0">0</subfield>
    <subfield code="1">0</subfield>
    <subfield code="2">lcc</subfield>
    <subfield code="4">0</subfield>
    <subfield code="7">0</subfield>
    <subfield code="a">001</subfield>
    <subfield code="b">001</subfield>
    <subfield code="c">(SB)School Collections</subfield>
    <subfield code="d">2023-02-22</subfield>
    <subfield code="l">0</subfield>
    <subfield code="o">SCHOOL TEXTBOOK</subfield>
    <subfield code="p">01448</subfield>
    <subfield code="r">2023-02-22</subfield>
    <subfield code="t">4</subfield>
    <subfield code="w">2023-02-22</subfield>
    <subfield code="y">002</subfield>
  </datafield>
  <datafield tag="952" ind1=" " ind2=" ">
    <subfield code="0">0</subfield>
    <subfield code="1">0</subfield>
    <subfield code="2">lcc</subfield>
    <subfield code="4">0</subfield>
    <subfield code="7">0</subfield>
    <subfield code="a">001</subfield>
    <subfield code="b">001</subfield>
    <subfield code="c">(SB)School Collections</subfield>
    <subfield code="d">2023-02-22</subfield>
    <subfield code="l">0</subfield>
    <subfield code="o">SCHOOL TEXTBOOK</subfield>
    <subfield code="p">1075</subfield>
    <subfield code="r">2023-02-22</subfield>
    <subfield code="t">5</subfield>
    <subfield code="w">2023-02-22</subfield>
    <subfield code="y">002</subfield>
  </datafield>
  <datafield tag="952" ind1=" " ind2=" ">
    <subfield code="0">0</subfield>
    <subfield code="1">0</subfield>
    <subfield code="2">lcc</subfield>
    <subfield code="4">0</subfield>
    <subfield code="7">0</subfield>
    <subfield code="a">001</subfield>
    <subfield code="b">001</subfield>
    <subfield code="c">(SB)School Collections</subfield>
    <subfield code="d">2023-02-22</subfield>
    <subfield code="l">0</subfield>
    <subfield code="o">SCHOOL TEXTBOOK</subfield>
    <subfield code="p">1073</subfield>
    <subfield code="r">2023-02-22</subfield>
    <subfield code="t">6</subfield>
    <subfield code="w">2023-02-22</subfield>
    <subfield code="y">002</subfield>
  </datafield>
  <datafield tag="952" ind1=" " ind2=" ">
    <subfield code="0">0</subfield>
    <subfield code="1">0</subfield>
    <subfield code="2">lcc</subfield>
    <subfield code="4">0</subfield>
    <subfield code="7">0</subfield>
    <subfield code="a">001</subfield>
    <subfield code="b">001</subfield>
    <subfield code="c">Annex Low-Usage Collection</subfield>
    <subfield code="d">2023-02-22</subfield>
    <subfield code="l">0</subfield>
    <subfield code="o">HD 31 Sol</subfield>
    <subfield code="p">003448</subfield>
    <subfield code="r">2023-02-22</subfield>
    <subfield code="t">7</subfield>
    <subfield code="w">2023-02-22</subfield>
    <subfield code="y">002</subfield>
  </datafield>
</record>
